00380nam a2200121Ia 4500008004100000245011700041260001700158260000900175300000900184650002300193650001200216856003000228170516s9999 xx 000 0 und d aContrast-Enhanced Ultrasound Imaging for the Detection of Focused Ultrasound-Induced Blood-Brain Barrier Opening bTheranostics c2014 a4:10 xMedical Technology xMedtech uhttp://www.thno.org/v4i10